000 01189nam a22002897i 4500
003 EG-GICUC
005 20260302132408.0
008 260125s1965 ua abdofr|||| 000 0 ara d
040 _a EG-GICUC
_bara
_c EG-GICUC
_d EG-GICUC
_erda
082 0 4 _221
_a341.73
_bع ب . ض
092 0 4 _221
099 _aLaw1 13 ع ب . ض1965 341.73
100 1 _aعبد اللطيف سليمان الساقزلي
_eمؤلف.
245 1 2 _aالضمير البشري المثالى هو الطريق لتحقيق السلام العالمي الأمثل :
_nالجزء الثالث /
_cتأليف عبد اللطيف سليمان الساقزلي.
264 1 _aالقاهرة:
_bدار ممفيس،
_c1965.
300 _a200 صفحة؛
_c24 سم
336 _2rda content
_atext
337 _2rda media
_aComputer
338 _2rda carrier
_aOnline Resource
504 _aيشتمل على إرجاعات ببيلوجرافية.
546 _aالنص باللغة العربية
650 1 4 _aالمالية العامة والتشريع الضريبي
_2qrmak
651 1 _2qrmak
856 4 0 _uhttps://fll.law.cu.edu.eg/fulltext/bks/B13-10417.pdf
905 _a56
942 _2ddc
_cBK
_e21
_n0
999 _c59315
_d59315